Managerial finance : dividends and dividend policy /

Bibliographic Details
Other Authors: Baker, H. Kent, (Editor), Weigand, Rob, (Editor)
Format: eBook
Language:English
Published: Bradford, [England] : Emerald, 2015.
Series:Managerial Finance, Volume 41, Number 2
Subjects:
Online Access:Click to View
LEADER 01836nam a2200421 i 4500
001 EBC2030599
003 MiAaPQ
005 20200909225244.0
006 m o d |
007 cr cnu||||||||
008 150424t20152015enka ob 000 0 eng d
020 |z 9781784419714 
020 |a 9781784419721  |q (electronic bk.) 
035 |a (MiAaPQ)EBC2030599 
035 |a (Au-PeEL)EBL2030599 
035 |a (CaPaEBR)ebr11043417 
035 |a (OCoLC)909899768 
040 |a MiAaPQ  |b eng  |e rda  |e pn  |c MiAaPQ  |d MiAaPQ 
050 4 |a HG4026  |b .M363 2015 
082 0 |a 658.15  |2 23 
245 0 0 |a Managerial finance :  |b dividends and dividend policy /  |c guest editors, professor H. Kent Baker and Dr. Rob Weigand. 
264 1 |a Bradford, [England] :  |b Emerald,  |c 2015. 
264 4 |c 2015 
300 |a 1 online resource (105 pages) :  |b illustrations, tables. 
336 |a text  |2 rdacontent 
337 |a computer  |2 rdamedia 
338 |a online resource  |2 rdacarrier 
490 0 |a Managerial Finance,  |x 0307-4358 ;  |v Volume 41, Number 2 
504 |a Includes bibliographical references at the end of each chapters. 
588 |a Description based on online resource; title from PDF cover (ebrary, viewed April 24, 2015). 
590 |a Electronic reproduction. Ann Arbor, MI : ProQuest, 2016. Available via World Wide Web. Access may be limited to ProQuest affiliated libraries. 
650 0 |a Corporations  |x Finance. 
655 4 |a Electronic books. 
700 1 |a Baker, H. Kent,  |e editor. 
700 1 |a Weigand, Rob,  |e editor. 
776 0 8 |i Print version:  |t Managerial finance : dividends and dividend policy.  |d Bradford, [England] : Emerald, c2015   |h 224 pages   |k Managerial Finance ; Volume 41, Number 2   |z 9781784419714 
797 2 |a ProQuest (Firm) 
856 4 0 |u https://ebookcentral.proquest.com/lib/matrademy/detail.action?docID=2030599  |z Click to View